000 00382nam a22001697a 4500
005 20160621130915.0
008 160621b xxu||||| |||| 00| 0 eng d
020 _a978-0-07-015256-4
041 _aeng
082 _b8757
100 _aBradhan, Swapna
_91376
245 _aRetailing Management
260 _bTMH
_c2010
300 _a598
650 _aManagement
_9241
942 _cBK
999 _c3394
_d3393